| 000 | 01870nam a2200241Ia 4500 | ||
|---|---|---|---|
| 003 | Ost | ||
| 005 | 20260507075526.0 | ||
| 008 | 260507s9999||||xx |||||||||||||| ||und|| | ||
| 040 | _cfsecg | ||
| 041 | _aara | ||
| 082 | _a332 | ||
| 100 |
_aالججاوي، طلال محمد علي _eمؤلف |
||
| 245 | 0 |
_aدور الإدارة في التنبؤ بالفشل المالي للشركات بإطار إنموذج آلتمان / _c طلال محمد علي الججاوي |
|
| 260 |
_aعمان: _bدار الايام للنشر والتوزيع, _c2015 |
||
| 300 |
_a178 صفحة؛ _bإيضاحات ؛ _c25 سم |
||
| 504 | _aملاحق ص.137 مراجع ص.157 | ||
| 520 | _aستويات الادارة ووظائفها و التخطيط و اهمية الادارة و متغيراتها و كفاءة الادارة العليا و فاعلية نظام الرقابة الداخلية و استقلالية مراقب الحسابات كما تم التطرق الى التنبؤ بالفشل المالي بتناول إستخدام التحليل المالي كاداة للتنبؤ بالفشل المالي و أسباب الفشل المالي و التنبؤ به و ملاءمة فرض الاستمرارية و القيمة السوقية لحق الملكية الى مجموع المطلوبات و المبيعات الى مجموع الموجودات كما تم تناول التحليل المالي ووصف و تشخيص المتغيرات و أخيرا إختبار فرضيات الارتباط بين المتغيرات و اختبار فرضيات التأثير بين المتغيرات . | ||
| 653 | _aاتخاذ القرار | ||
| 653 | _aادارة الاعمال-خسائر | ||
| 653 | _aالادارة المالية | ||
| 700 |
_aالزبيدي، بلاسم محمد ابراهيم _eمؤلف ثانوي |
||
| 942 | _cكتاب | ||
| 999 |
_c44796 _d44796 |
||